AU LIBRARIES
Centralized Library System Across Seven Campuses

Essentials of Statistics for Business and Economics (Record no. 47614)

MARC details
000 -LEADER
fixed length control field 00634nam a22001817a 4500
005 - DATE AND TIME OF LATEST TRANSACTION
control field 20260519132608.0
008 - FIXED-LENGTH DATA ELEMENTS--GENERAL INFORMATION
fixed length control field 260519b |||||||| |||| 00| 0 eng d
020 ## - INTERNATIONAL STANDARD BOOK NUMBER
ISBN 978-0-357-04543-5
082 ## - DEWEY DECIMAL CLASSIFICATION NUMBER
Classification number 519.5
Author Mark AND-E
100 ## - MAIN ENTRY--AUTHOR
Author Name Anderson, David R.
-- Dennis J. Sweeney
-- Thomas A. Williams
-- Jeffrey D. Camm
-- James J. Cochran
-- Michael J. Fry
-- Jeffrey W. Ohlmann
245 ## - TITLE STATEMENT
Title Essentials of Statistics for Business and Economics
250 ## - EDITION STATEMENT
Edition statement 9th Ed
260 ## - PUBLICATION, DISTRIBUTION, ETC.
Place of Publication USA
Name of publisher, distributor, etc. Cengage 20 Channel Center Street Boston, MA 02210
Date of publication, distribution, etc. 2020
300 ## - PHYSICAL DESCRIPTION
Pages 882 p.
500 ## - GENERAL NOTE
General note Includes Index.
650 ## - SUBJECT ADDED ENTRY--TOPICAL TERM
Subject / Department Statistical Mathematics
942 ## - ADDED ENTRY ELEMENTS (KOHA)
Koha item type Book
Holdings
Withdrawn status Lost status Damaged status Not for loan Collection code Permanent Location Current Location Shelving Location Date acquired Source of acquisition Price Inventory number Total Checkouts Full Call Number Accession No./Barcode Date last seen Koha item type
        Statistics Air University Kharian Campus Library Air University Kharian Campus Library Mathematics 04/09/2026 Ali Book Services 2330.00 KA/10221   519.5 AND-E AUKHP0676 05/19/2026 Book
Air University Sector E-9, Islamabad Pakistan
Email: librarian@au.edu.pk  Tel : +0092 51 9262612 Ext: 631